Glacier Park International Airport Destinations (Kalispell, MT, USA) - Statistics

General Stats
  • This quiz has been taken 49 times
    15 since last reset
  • The average score is 14 of 16
Answer Stats
Airline Destinations % Correct
American Airlines/United Airlines/United Express Chicago (O'Hare)
100%
American Airlines Dallas/Fort Worth
100%
United Airlines/United Express Denver
100%
United Airlines Houston (Intercontinental)
100%
Delta Air Lines/Delta Connection/Sun Country Airlines Minneapolis/St. Paul
100%
Alaska Airlines Seattle/Tacoma
100%
Allegiant Air/United Express Los Angeles
93%
Alaska Airlines Portland (OR)
93%
Delta Air Lines/Delta Connection Salt Lake City
93%
Alaska Airlines San Diego
93%
Allegiant Air Las Vegas
86%
American Airlnies New York (LaGuardia)
86%
Allegiant Air Phoenix/Mesa
86%
United Express San Francisco
86%
Delta Connection Austin
64%
Allegiant Air Oakland
43%
No matching quizzes found
Score Distribution
Percent of People with Each Score
Percentile by Number Answered
Your Score History
You have not taken this quiz since the last reset